| 000 | 00703nam a2200229 i 4500 | ||
|---|---|---|---|
| 001 | 18041 | ||
| 003 | ES-MaACL | ||
| 005 | 20230906151738.0 | ||
| 007 | t| | ||
| 008 | 010816s2000 sp ||||1| spa d | ||
| 020 | _a84-7492-990-3 | ||
| 080 | _a821.134.2-32"19" | ||
| 100 | 1 |
_aChabás, Juan ( _d1900-1954) _937722 |
|
| 245 | 1 | 0 |
_aFábula y vida / _cJuan Chabás ; edición de Javier Pérez Bazo. |
| 260 |
_a[A Coruña] : _bEdiciós do Castro, _c[2000] |
||
| 300 |
_a248 p. : _bretr. autor ; _c22 cm. |
||
| 490 | 1 |
_aBiblioteca del exilio ; _v2 |
|
| 700 | 1 |
_aPérez Bazo, Javier. _990665 |
|
| 830 | 1 |
_aBiblioteca del exilio ; _v2 _9180374 |
|
| 852 |
_aES-MaACL _jL-24814 |
||
| 999 |
_c18041 _d18041 |
||